000 00639nam a2200229Ia 4500
003 OSt
005 20220923225127.0
006 a|||||r|||| 00| 0
007 ta
008 220922b |||||||| |||| 00| 0 hin d
024 _a257,932
037 _cTextual
040 _aARTS
_cARTS
_bhin
041 _2hin
_ahin
082 _aY:351.245, 152M4
100 _aजसटा, हरिराम
_9156291
245 0 _aपर्वतों की गूंज
246 _aParvatoan kī gūanja
260 _c1984
942 _hY:351.245, 152M4
_cTEXL
_2CC
999 _c376260
_d376260